Graft in business.

Bibliographic Details
Main Author: Flynn, John T., 1882-1964
Format: Book
Language:English
Published: New York : The Vanguard Press, [1931]
Subjects:

MARC

Tag First Indicator Second Indicator Subfields
LEADER 00000cam a2200000 4500
001 in00000059347
005 20151007082359.0
008 730112s1931 eng u
010 |a  31025257  
035 |a (OCoLC)00536787 
035 |9 AAF7783AM 
040 |c CSU  |d TXA  |d UtOrBLW 
049 |a TXAM  |c [51438] 
090 |a HF5386  |b .F42 
092 |a 174  |b F648g 
100 1 |a Flynn, John T.,  |d 1882-1964. 
245 1 0 |a Graft in business. 
264 1 |a New York :  |b The Vanguard Press,  |c [1931] 
264 4 |c [©1931] 
300 |a ix, 318p :  |b incl.diagr. ;  |c 22cm. 
336 |a text  |b txt  |2 rdacontent 
337 |a unmediated  |b n  |2 rdamedia 
338 |a volume  |b nc  |2 rdacarrier 
650 0 |a Business. 
650 0 |a Business ethics. 
999 |a MARS 
999 f f |s bed3f7b3-3d73-3a00-a57a-c784c7051457  |i 42bb076c-d081-395b-be9e-0703a1d8a11c  |t 0 
952 f f |p ric  |a Texas A&M University  |b Rellis Campus  |c Joint Library Facility  |s JLF  |d Remote Storage  |t 0  |e HF5386 .F42  |h Library of Congress classification  |i unmediated -- volume  |m A14800535557 
998 f f |a HF5386 .F42  |t 0  |l Remote Storage